27_大阪府の市町村(ひらがな対応・五十音順) - Statistics

General Stats
  • This quiz has been taken 129 times
  • The average score is 35 of 43
Answer Stats
種類 市町村名 % Correct
大阪市
99%
東大阪市
94%
和泉市
93%
堺市
93%
吹田市
93%
泉大津市
91%
岸和田市
91%
千早赤阪村
90%
豊中市
90%
池田市
88%
泉佐野市
88%
茨木市
86%
泉南市
86%
高槻市
86%
大阪狭山市
84%
枚方市
84%
四條畷市
83%
大東市
83%
富田林市
83%
寝屋川市
83%
阪南市
83%
交野市
81%
門真市
81%
河内長野市
81%
能勢町
81%
箕面市
81%
羽曳野市
80%
藤井寺市
80%
八尾市
80%
摂津市
78%
松原市
78%
守口市
78%
柏原市
75%
岬町
75%
豊能町
72%
貝塚市
71%
田尻町
71%
忠岡町
71%
高石市
70%
島本町
65%
太子町
65%
熊取町
62%
河南町
61%
No matching quizzes found
Score Distribution
Percent of People with Each Score
Percentile by Number Answered
Your Score History
You have not taken this quiz